000 00978nam a22002417a 4500
005 2010083008028.0
010 _aMAR-20237
020 _c160.00
_a9788172948160
035 _aMR-12895
037 _bDBAD / PUB
082 _a891.463
100 _aठकार संजीव
_919279
245 _aदि डिझायनर /
_cसंजीव ठकार
246 _aThe Designer
_bby Sanjeev Thakar
260 _aपुणे
_bदिलीप राज प्रकाशन
_c2010
270 _a251क, शनिवार पेठ,
_bपुणे
_e411030
300 _a168पृ
_c21सेमी (अजिल्द)
650 _aमराठी कादंबरी
_919280
650 _aMarathi Fiction
_919281
700 _917934
942 _2ddc
_cMR
_mठकार
_h891.463
999 _c44880
_d44880